[Event "Oberliga NRW 0203 I"]
[Site "Germany"]
[Date "2003.05.04"]
[Round "9.6"]
[White "Langhanke, Helmut"]
[Black "Schmidt, Martin"]
[Result "0-1"]
[WhiteElo "2084"]
[BlackElo "2216"]
[PlyCount "100"]
[EventDate "2002.10.06"]
[EventType "team"]
[EventRounds "9"]
[EventCountry "GER"]
[SourceTitle "EXT 2004"]
[Source "ChessBase"]
[SourceDate "2003.11.25"]
[SourceVersion "1"]
[SourceVersionDate "2003.11.25"]
[SourceQuality "1"]
[WhiteTeam "Minden"]
[BlackTeam "Koeln KKS"]
[WhiteTeamCountry "GER"]
[BlackTeamCountry "GER"]

1. e4 c5 2. Nf3 Nc6 3. d3 g6 4. g3 Bg7 5. Bg2 e6 6. 0-0 Nge7 7. Nbd2 0-0 8. Re1 d5 9. exd5 exd5 10. d4 Nxd4 11. Nxd4 cxd4 12. Nb3 Nc6 13. Bf4 g5 14. Bd2 Bf5 15. Nc5 b6 16. Nd3 h6 17. Qf3 Be4 18. Rxe4 dxe4 19. Qxe4 Rc8 20. Re1 Na5 21. h4 Nc4 22. Bb4 Re8 23. Qf5 Qf6 24. Qd7 Rxe1+ 25. Bxe1 Qe6 26. Qb7 Nd6 27. Qxa7 Rxc2 28. hxg5 hxg5 29. Qxb6 Bf6 30. a4 Nc8 31. Qb5 Kg7 32. a5 Qc4 33. Qxc4 Rxc4 34. b4 Na7 35. Nc5 Be7 36. Kf1 Rc2 37. Be4 Rc1 38. Ke2 Bxc5 39. bxc5 Rxc5 40. a6 Re5 41. Kd3 f5 42. f3 fxe4+ 43. fxe4 Nc6 44. a7 Nxa7 45. Kxd4 Nc6+ 46. Kd3 Rb5 47. Kc4 Rb1 48. Bc3+ Kf7 49. Bd2 g4 50. Bf4 Ke6 0-1

[Event "Oberliga NRW 0203 I"]
[Site "Germany"]
[Date "2003.03.23"]
[Round "7.6"]
[White "Langhanke, Helmut"]
[Black "Molinaroli, Martin"]
[Result "0-1"]
[WhiteElo "2084"]
[BlackElo "2219"]
[PlyCount "88"]
[EventDate "2002.10.06"]
[EventType "team"]
[EventRounds "9"]
[EventCountry "GER"]
[SourceTitle "EXT 2004"]
[Source "ChessBase"]
[SourceDate "2003.11.25"]
[SourceVersion "1"]
[SourceVersionDate "2003.11.25"]
[SourceQuality "1"]
[WhiteTeam "Minden"]
[BlackTeam "Muenster"]
[WhiteTeamCountry "GER"]
[BlackTeamCountry "GER"]

1. e4 c6 2. d4 d5 3. exd5 cxd5 4. c4 Nf6 5. Nf3 Nc6 6. cxd5 Nxd5 7. Nc3 Bg4 8. Qb3 Bxf3 9. gxf3 e6 10. Qxb7 Nxd4 11. Bb5+ Nxb5 12. Qc6+ Ke7 13. Qxb5 Qd7 14. Nxd5+ Qxd5 15. Qxd5 exd5 16. Be3 Ke6 17. Ke2 Be7 18. Rhd1 Bf6 19. Bd4 Bxd4 20. Rxd4 Rab8 21. b4 Rhc8 22. Rad1 Rc2+ 23. R1d2 Rxd2+ 24. Kxd2 a5 25. a3 axb4 26. axb4 Kd6 27. Kc3 Rc8+ 28. Kd3 Ra8 29. Ke3 Ra1 30. Kd3 Rf1 31. Ke3 Rb1 32. h3 Rb3+ 33. Ke2 Rb2+ 34. Ke3 Rb3+ 35. Ke2 h5 36. Rh4 g6 37. Rf4 f5 38. b5 Rxb5 39. Ra4 Rb2+ 40. Ke3 Rc2 41. Ra8 Ke5 42. Re8+ Kf6 43. Rd8 Rc3+ 44. Ke2 Ke5 0-1

[Event "Oberliga NRW 0203 I"]
[Site "Germany"]
[Date "2003.01.05"]
[Round "4.5"]
[White "Langhanke, Helmut"]
[Black "Prange, Stefan"]
[Result "1/2-1/2"]
[WhiteElo "2084"]
[BlackElo "2173"]
[PlyCount "81"]
[EventDate "2002.10.06"]
[EventType "team"]
[EventRounds "9"]
[EventCountry "GER"]
[SourceTitle "EXT 2004"]
[Source "ChessBase"]
[SourceDate "2003.11.25"]
[SourceVersion "1"]
[SourceVersionDate "2003.11.25"]
[SourceQuality "1"]
[WhiteTeam "Minden"]
[BlackTeam "Elberfeld"]
[WhiteTeamCountry "GER"]
[BlackTeamCountry "GER"]

1. e4 c5 2. Nf3 e6 3. d3 Nc6 4. g3 Nf6 5. Bg2 d5 6. Nbd2 Be7 7. 0-0 0-0 8. Re1 b6 9. c3 Bb7 10. Qe2 dxe4 11. dxe4 a5 12. a4 Ba6 13. Nc4 e5 14. Bg5 Qc7 15. Bf1 h6 16. Bxf6 Bxf6 17. Qc2 Bxc4 18. Bxc4 Rad8 19. Rad1 Rxd1 20. Rxd1 Rd8 21. Rd2 Rxd2 22. Qxd2 Ne7 23. Bd5 Kf8 24. Qd3 Nc8 25. Nd2 Bg5 26. Nc4 Bf6 27. b3 Nd6 28. Nxd6 Qxd6 29. Qc4 Qe7 30. Kf1 h5 31. Qa6 Qc7 32. h4 g6 33. Qa8+ Kg7 34. Qe8 g5 35. hxg5 Bxg5 36. Kg2 h4 37. Kh3 hxg3 38. fxg3 Qe7 39. Qxe7 Bxe7 40. Kg4 Kg6 41. Bc4 1/2-1/2

[Event "Oberliga NRW 0203 I"]
[Site "Germany"]
[Date "2002.12.08"]
[Round "3.6"]
[White "Langhanke, Helmut"]
[Black "Lommers, Frank"]
[Result "1/2-1/2"]
[WhiteElo "2084"]
[BlackElo "2202"]
[PlyCount "84"]
[EventDate "2002.10.06"]
[EventType "team"]
[EventRounds "9"]
[EventCountry "GER"]
[SourceTitle "EXT 2004"]
[Source "ChessBase"]
[SourceDate "2003.11.25"]
[SourceVersion "1"]
[SourceVersionDate "2003.11.25"]
[SourceQuality "1"]
[WhiteTeam "Minden"]
[BlackTeam "Krefeld"]
[WhiteTeamCountry "GER"]
[BlackTeamCountry "GER"]

1. e4 c5 2. Nf3 d6 3. g3 Nc6 4. Bg2 g6 5. 0-0 Bg7 6. c3 e5 7. d3 Nge7 8. a4 0-0 9. Na3 h6 10. Re1 Bg4 11. h3 Be6 12. Nc4 Qd7 13. Kh2 f5 14. exf5 Rxf5 15. Qe2 Raf8 16. Rf1 g5 17. Bd2 d5 18. Ne3 R5f7 19. Ng1 e4 20. dxe4 d4 21. Nd5 Nxd5 22. exd5 Bxd5 23. f4 gxf4 24. gxf4 Na5 25. Bxd5 Qxd5 26. cxd4 cxd4 27. Rad1 Nb3 28. Qg2 Qxg2+ 29. Kxg2 Nxd2 30. Rxd2 Rxf4 31. Rxf4 Rxf4 32. Ne2 Re4 33. Ng3 Re3 34. Nf5 Rb3 35. Nxd4 Bxd4 36. Rxd4 Rxb2+ 37. Kf3 Kg7 38. Kf4 Kg6 39. Kg4 Kf6 40. Kh5 Ke5 41. Rd7 Rb6 42. h4 a5 1/2-1/2

[Event "Oberliga NRW 0203 I"]
[Site "Germany"]
[Date "2002.11.10"]
[Round "2.6"]
[White "Hoffmann, Matthias"]
[Black "Langhanke, Helmut"]
[Result "1/2-1/2"]
[WhiteElo "2055"]
[BlackElo "2084"]
[PlyCount "43"]
[EventDate "2002.10.06"]
[EventType "team"]
[EventRounds "9"]
[EventCountry "GER"]
[SourceTitle "EXT 2004"]
[Source "ChessBase"]
[SourceDate "2003.11.25"]
[SourceVersion "1"]
[SourceVersionDate "2003.11.25"]
[SourceQuality "1"]
[WhiteTeam "Wiehl"]
[BlackTeam "Minden"]
[WhiteTeamCountry "GER"]
[BlackTeamCountry "GER"]

1. e4 c5 2. c3 Nf6 3. e5 Nd5 4. d4 cxd4 5. Nf3 Nc6 6. Bc4 Nb6 7. Bb3 d5 8. exd6 Qxd6 9. 0-0 Be6 10. Bxe6 Qxe6 11. Nxd4 Nxd4 12. Qxd4 Rd8 13. Qh4 g6 14. Na3 Bg7 15. Bh6 Bxh6 16. Qxh6 Rd5 17. c4 Rh5 18. Qg7 Qe5 19. Qxe5 Rxe5 20. Rfe1 Rxe1+ 21. Rxe1 Kd7 22. b3 1/2-1/2